| 000 | 00602nam a2200193 a 4500 | ||
|---|---|---|---|
| 005 | 20220815095950.0 | ||
| 008 | 011031s1998 r 000 0 eng d | ||
| 020 | _a9688135305 | ||
| 035 | _aUPN01000113677 | ||
| 049 | _aCG | ||
| 050 | 4 |
_aHD6052 _bS4.5 |
|
| 111 | 2 |
_aSeminario Nacional Tripartito para el Análisis del Plan de Acción _d(1998 : _cMéxico) |
|
| 245 | 1 | 0 |
_aMás y mejores empleos para las mujeres en México : _bmemoria. |
| 260 |
_aMéxico : _bSTPS : _bSG, _c1998. |
||
| 300 | _a153 p. | ||
| 650 | 7 |
_aMujeres _xEmpleo _zMéxico _2 _99091 |
|
| 650 | 4 |
_aMUJERES - _vCONGRESOS |
|
| 905 | _aLibro | ||
| 999 |
_c87585 _d87585 |
||